000 00616nam a2200229Ia 4500
003 OSt
005 20220928145539.0
006 a|||||r|||| 00| 0
007 ta
008 220927b |||||||| |||| 00| 0 eng d
024 _a81139
037 _cTextual
040 _aSDCL
_cSDCL
_beng
041 _2eng
_aeng
082 _aG9X:(J1), N0
100 _aBennett Alan B Ed.
_9513368
245 0 _aHorticultural biotechnology.
260 _c1990
700 _a O'Neill Sharma ND Ed.
_9513369
942 _hG9X:(J1), N0
_cTEXL
_2CC
999 _c834011
_d834011